[Event "SWE-chT2 0809"]
[Site "Sweden"]
[Date "2009.02.07"]
[Round "5"]
[White "Wiklund, Johan"]
[Black "Hedlund, Lars Ake"]
[Result "1/2-1/2"]
[WhiteElo "1966"]
[BlackElo "1981"]
[PlyCount "52"]
[EventDate "2008.10.25"]
[EventType "team-tourn"]
[EventRounds "9"]
[EventCountry "SWE"]
[SourceTitle "EXT 2011"]
[Source "ChessBase"]
[SourceDate "2010.11.26"]
[SourceVersion "1"]
[SourceVersionDate "2010.11.26"]
[SourceQuality "1"]

1. Nf3 Nf6 2. c4 e6 3. Nc3 d5 4. d4 c6 5. Bg5 Nbd7 6. e3 Qa5 7. Bxf6 Nxf6 8. a3 Ne4 9. Qb3 Nxc3 10. bxc3 Bd6 11. c5 Bb8 12. Qb4 Qd8 13. Bd3 Qe7 14. 0-0 f5 15. Ne5 Bxe5 16. dxe5 0-0 17. f4 Kh8 18. Be2 Rg8 19. g3 g6 20. Kg2 Kg7 21. Rh1 h5 22. h3 Rh8 23. Rag1 b6 24. cxb6 Qxb4 25. axb4 axb6 26. Ra1 Bb7 1/2-1/2

[Event "SWE-chT2 0809"]
[Site "Sweden"]
[Date "2009.01.17"]
[Round "4"]
[White "Hedlund, Lars Ake"]
[Black "Svensson, Hakan"]
[Result "1/2-1/2"]
[WhiteElo "1981"]
[BlackElo "2022"]
[PlyCount "72"]
[EventDate "2008.10.25"]
[EventType "team-tourn"]
[EventRounds "9"]
[EventCountry "SWE"]
[SourceTitle "EXT 2011"]
[Source "ChessBase"]
[SourceDate "2010.11.26"]
[SourceVersion "1"]
[SourceVersionDate "2010.11.26"]
[SourceQuality "1"]

1. Nf3 b6 2. g3 Bb7 3. Bg2 e6 4. c4 f5 5. 0-0 Nf6 6. b3 Be7 7. Bb2 0-0 8. Nc3 Ne4 9. Nxe4 Bxe4 10. d3 Bb7 11. Rc1 d6 12. d4 Nd7 13. Ne1 Bxg2 14. Nxg2 g5 15. e3 Nf6 16. Qe2 Qe8 17. d5 e5 18. f4 gxf4 19. exf4 e4 20. Ne3 Qg6 21. Rf2 h5 22. Rg2 Ng4 23. Nf1 Bf6 24. h3 Bxb2 25. Qxb2 Nh6 26. Ne3 Kf7 27. b4 Qf6 28. Qb3 a5 29. a3 axb4 30. axb4 Ra1 31. Rxa1 Qxa1+ 32. Kh2 Ra8 33. Qb2 Qxb2 34. Rxb2 Ra3 35. Re2 Rb3 36. b5 Kg6 1/2-1/2

[Event "SWE-chT2 0809"]
[Site "Sweden"]
[Date "2008.12.06"]
[Round "3"]
[White "Carlsten, Peter"]
[Black "Hedlund, Lars Ake"]
[Result "1/2-1/2"]
[WhiteElo "2096"]
[BlackElo "1956"]
[PlyCount "143"]
[EventDate "2008.10.25"]
[EventType "team-tourn"]
[EventRounds "9"]
[EventCountry "SWE"]
[SourceTitle "EXT 2011"]
[Source "ChessBase"]
[SourceDate "2010.11.26"]
[SourceVersion "1"]
[SourceVersionDate "2010.11.26"]
[SourceQuality "1"]

1. e4 c6 2. d4 d5 3. exd5 cxd5 4. Bd3 Nf6 5. h3 e6 6. Nf3 Bd6 7. c3 Qc7 8. Na3 Bxa3 9. Qa4+ Nc6 10. Qxa3 Qe7 11. Qb3 h6 12. 0-0 Qc7 13. Re1 Bd7 14. Ne5 Nxe5 15. dxe5 Ng8 16. Bf4 Ne7 17. Rad1 Bc6 18. Qc2 Rc8 19. Qe2 Rd8 20. Bb1 a6 21. Qg4 Kf8 22. Be3 b6 23. f4 Bd7 24. Qg3 b5 25. Qf2 Rc8 26. Bb6 Qc6 27. Kh2 h5 28. Rd3 h4 29. Rf3 g6 30. b4 Kg7 31. Bc5 Nf5 32. Bxf5 exf5 33. Be7 Rh5 34. Bxh4 Be6 35. Bf6+ Kf8 36. Qa7 Rc7 37. Qb8+ Rc8 38. Qd6+ Qxd6 39. exd6 Ke8 40. a4 Kd7 41. Be5 bxa4 42. Ra1 d4 43. Bxd4 Bb3 44. Be5 Rc6 45. Kg1 f6 46. Bxf6 Rxd6 47. Bd4 Re6 48. Be5 Kc6 49. Kf2 Kb5 50. Rd3 a5 51. Rd8 axb4 52. Rb8+ Rb6 53. Rxb6+ Kxb6 54. cxb4 Kb5 55. Bd6 Rh7 56. Bc5 Rd7 57. Ke3 Bc4 58. Ra3 Rd1 59. g4 Bb3 60. gxf5 gxf5 61. h4 Kc4 62. Ke2 Rh1 63. Be7 Kb5 64. Kd2 Rd1+ 65. Kc3 Rh1 66. Kd4 Re1 67. Bd6 Re4+ 68. Kc3 Rc4+ 69. Kd3 Rc1 70. Kd4 Re1 71. h5 Re4+ 72. Kc3 1/2-1/2

[Event "SWE-chT 0405"]
[Site "Sweden"]
[Date "2004.??.??"]
[Round "1"]
[White "Eklund, Lars Goran"]
[Black "Hedlund, Lars Ake"]
[Result "1-0"]
[WhiteElo "2298"]
[BlackElo "2016"]
[PlyCount "80"]
[EventDate "2004.11.05"]
[EventType "team"]
[EventRounds "11"]
[EventCountry "SWE"]
[SourceTitle "EXT 2006"]
[Source "ChessBase"]
[SourceDate "2005.11.24"]
[SourceVersion "1"]
[SourceVersionDate "2005.11.24"]
[SourceQuality "1"]
[WhiteTeam "Skara"]
[BlackTeam "Wasa"]
[WhiteTeamCountry "SWE"]
[BlackTeamCountry "SWE"]

1. Nf3 e6 2. c4 Nf6 3. Nc3 d5 4. d4 c6 5. e3 Nbd7 6. Qc2 Bd6 7. g4 h6 8. Rg1 Bb4 9. Bd2 Bxc3 10. Bxc3 Ne4 11. Bd3 Nxc3 12. Qxc3 dxc4 13. Bxc4 Nb6 14. Be2 Nd5 15. Qd2 Qb6 16. 0-0-0 Bd7 17. Ne5 Qb4 18. Qc2 Qe7 19. Kb1 a5 20. Rg3 a4 21. Rf3 0-0 22. e4 Nb4 23. Qc5 Qxc5 24. dxc5 Be8 25. Rd4 Na6 26. Rxa4 f6 27. Nd3 Bg6 28. Re3 e5 29. b4 Rad8 30. f3 Rd4 31. Kb2 Rfd8 32. Kc3 Bf7 33. Nb2 Nc7 34. Ra7 Rb8 35. a4 Ne6 36. Nc4 Nf4 37. Nd6 Nxe2+ 38. Rxe2 Be6 39. Rd2 Rxd2 40. Kxd2 b6 1-0

[Event "SWE-chT 0405"]
[Site "Sweden"]
[Date "2004.??.??"]
[Round "2"]
[White "Hedlund, Lars Ake"]
[Black "Krantz, Christopher"]
[Result "1/2-1/2"]
[WhiteElo "2016"]
[BlackElo "2177"]
[PlyCount "162"]
[EventDate "2004.11.05"]
[EventType "team"]
[EventRounds "11"]
[EventCountry "SWE"]
[SourceTitle "EXT 2006"]
[Source "ChessBase"]
[SourceDate "2005.11.24"]
[SourceVersion "1"]
[SourceVersionDate "2005.11.24"]
[SourceQuality "1"]
[WhiteTeam "Wasa"]
[BlackTeam "Eksjo"]
[WhiteTeamCountry "SWE"]
[BlackTeamCountry "SWE"]

1. Nf3 Nf6 2. c4 e6 3. g3 b6 4. Bg2 Bb7 5. 0-0 d6 6. Nc3 Nbd7 7. b3 Be7 8. Bb2 0-0 9. Rc1 Re8 10. Ne1 Qc8 11. d4 Bxg2 12. Nxg2 e5 13. Ne3 Bf8 14. Rc2 c6 15. Kg2 Qc7 16. Rd2 Rad8 17. Nc2 g6 18. dxe5 dxe5 19. e4 Bh6 20. Re2 Nc5 21. Qb1 a5 22. Bc1 Bxc1 23. Qxc1 Rd3 24. Ne1 Rd7 25. Nf3 Red8 26. Qg5 Ne8 27. Qxe5 Qxe5 28. Nxe5 Rd6 29. f4 Ng7 30. Rfe1 Nge6 31. Nf3 Nd3 32. Rf1 Nexf4+ 33. gxf4 Nxf4+ 34. Kf2 Nxe2 35. Kxe2 Re8 36. Ke3 f6 37. Rd1 Rxd1 38. Nxd1 Kf7 39. Nc3 h5 40. h4 Ke6 41. Ne2 Rd8 42. Nf4+ Kf7 43. e5 Rg8 44. Ke4 Ke7 45. Nd4 fxe5 46. Nxc6+ Ke8 47. Nxe5 g5 48. Nxh5 Ke7 49. hxg5 Rxg5 50. Nf4 Rg1 51. Nf3 Ra1 52. a4 Kd6 53. Nd3 Rh1 54. Kd4 Rh5 55. Nd2 Rh4+ 56. Ne4+ Kc6 57. Ne5+ Kc7 58. Ng6 Rh3 59. Nc3 Rh1 60. Ne5 Rh3 61. Nb5+ Kb7 62. Nd3 Kc6 63. Nc3 Rh4+ 64. Ne4 Rh1 65. Ne5+ Kc7 66. c5 Rc1 67. Nc4 Rd1+ 68. Ned2 bxc5+ 69. Kxc5 Rh1 70. Nxa5 Rh5+ 71. Kb4 Kb6 72. Nac4+ Ka6 73. Ne4 Rh6 74. Nc5+ Ka7 75. Kb5 Rh3 76. b4 Rh5 77. a5 Rg5 78. a6 Rh5 79. Na5 Rh6 80. Nc6+ Ka8 81. Na4 Rh5+ 1/2-1/2